000 00583nam a22001457a 4500
020 _a0-09-996320-5
082 _a823
_bRAN/W
100 _aRANSOME,ARTHUR
245 _aWINTER HOLIDAY
260 _aLONDON
_bRED FOX
300 _a395
520 _aThe holiday is extended when leader Nancy Blackett catches mumps and the group is quarantined and cannot return to their boarding schools. Initially, while waiting for snow to fall, the children embark on a series of adventures ranging from rebuilding an igloo to building an ice sled.
650 _aENGLISH NOVEL
_zLONDON
942 _cBK
999 _c3472
_d3472